[Event "CYCC U12 w"]
[Site "Hamilton CAN"]
[Date "2022.07.09"]
[Round "4.5"]
[White "Shaeri, Dorsa"]
[Black "Fiset, Anais Chloe"]
[Result "0-1"]
[WhiteElo "796"]
[BlackElo "1558"]
[PlyCount "92"]
[EventDate "2022.07.08"]
[EventType "swiss"]
[EventRounds "7"]
[EventCountry "CAN"]

1. e4 d5 2. Nc3 dxe4 3. Nxe4 Qd5 4. Nc3 Qa5 5. a3 c6 6. Nf3 Nf6 7. Bc4 Bf5 8.
d3 e6 9. Bd2 Nbd7 10. Qe2 Qc7 11. h3 Bd6 12. Bb3 h6 13. Nh4 Bh7 14. Nf3 Nb6 15.
Ba2 Nbd5 16. Nxd5 cxd5 17. Bb4 Bxb4+ 18. axb4 Qb6 19. c3 a5 20. bxa5 Rxa5 21.
O-O Qa6 22. b4 Bxd3 23. Qd2 Bxf1 24. bxa5 Bb5 25. Bb3 O-O 26. Nd4 Ne4 27. Qc2
Rc8 28. Nxb5 Qxb5 29. c4 dxc4 30. Qxe4 cxb3 31. Rb1 b2 32. Qe1 Qb3 33. Qd2 Rc2
34. Qd1 Qc3 35. Qd8+ Kh7 36. Rd1 Rc1 37. Rxc1 bxc1=Q+ 38. Kh2 Qc7+ 39. Qxc7
Qxc7+ 40. Kg1 Qxa5 41. Kh2 b5 42. f4 b4 43. Kg3 b3 44. Kh4 b2 45. g4 Qe1+ 46.
Kh5 g6# 0-1

[Event "CYCC U12 w"]
[Site "Hamilton CAN"]
[Date "2022.07.09"]
[Round "4.6"]
[White "Maslov, Ayla"]
[Black "Xiong, Victoria"]
[Result "0-1"]
[WhiteElo "800"]
[BlackElo "486"]
[PlyCount "86"]
[EventDate "2022.07.08"]
[EventType "swiss"]
[EventRounds "7"]
[EventCountry "CAN"]

1. e4 c5 2. Nc3 d6 3. Nf3 Nc6 4. Bb5 Bd7 5. d4 a6 6. Bxc6 Bxc6 7. O-O Nf6 8.
Re1 e5 9. d5 Bd7 10. Bd2 Be7 11. a3 O-O 12. b4 c4 13. Nh4 Ng4 14. Nf5 Bxf5 15.
exf5 Nh6 16. Bxh6 gxh6 17. Qg4+ Kh8 18. Re3 Rg8 19. Qh5 Bg5 20. Rf3 Qe7 21. Ne4
Rg7 22. f6 Bxf6 23. Nxf6 Rg6 24. Ng4 Rag8 25. h3 Qf8 26. Qf5 R8g7 27. Re1 Rg5
28. Qe4 f5 29. Qxc4 h5 30. Ne3 f4 31. Kf1 Qg8 32. Nd1 b5 33. Qd3 Qc8 34. Ke2
Qc4 35. Qxc4 bxc4 36. Rg1 Rf7 37. g3 e4 38. Rc3 f3+ 39. Kf1 Rxd5 40. Ne3 Rd2
41. Rxc4 d5 42. Rc5 d4 43. Nc4 Rd1# 0-1

[Event "CYCC U12 w"]
[Site "Hamilton CAN"]
[Date "2022.07.10"]
[Round "5.1"]
[White "Liu, Kailey"]
[Black "Chan, Allison"]
[Result "1-0"]
[WhiteElo "1366"]
[BlackElo "888"]
[PlyCount "127"]
[EventDate "2022.07.08"]
[EventType "swiss"]
[EventRounds "7"]
[EventCountry "CAN"]

1. e4 e5 2. Nf3 Nc6 3. Bc4 Bc5 4. c3 Nf6 5. d4 exd4 6. e5 Ng4 7. cxd4 Bb6 8.
Nc3 O-O 9. h3 Nh6 10. Bxh6 gxh6 11. Ne4 Ne7 12. Nf6+ Kh8 13. Nh4 d5 14. Bb3 c6
15. Qd3 Ng6 16. Nf3 Be6 17. h4 Kg7 18. h5 Qc8 19. hxg6 hxg6 20. Qd2 Rh8 21. Bc2
Bf5 22. O-O-O Bd8 23. Bxf5 Qxf5 24. Nh4 Qe6 25. Qe3 Bxf6 26. exf6+ Qxf6 27. Qe5
Rac8 28. Qxf6+ Kxf6 29. Nf3 c5 30. b3 c4 31. bxc4 Rxc4+ 32. Kb2 h5 33. Rc1 Rhc8
34. Rxc4 Rxc4 35. Rc1 b5 36. Rc3 g5 37. Rd3 Kf5 38. Ne5 Rc7 39. Rf3+ Ke6 40.
Rc3 Rxc3 41. Kxc3 f6 42. Nc6 a6 43. Kb4 h4 44. f3 f5 45. Ne5 Kf6 46. Kc5 g4 47.
fxg4 Kg5 48. gxf5 Kxf5 49. Kxd5 Kf4 50. Nf3 Kg4 51. Kc5 Kg3 52. Nxh4 Kxh4 53.
d5 Kg5 54. d6 Kf6 55. Kc6 b4 56. d7 Ke5 57. d8=Q Ke4 58. g4 Ke5 59. g5 Kf5 60.
Qf6+ Kg4 61. g6 a5 62. g7 a4 63. g8=R+ Kh5 64. Qg5# 1-0

[Event "CYCC U12 w"]
[Site "Hamilton CAN"]
[Date "2022.07.10"]
[Round "5.2"]
[White "Ambilwade, Ojal"]
[Black "Chen, Rae"]
[Result "0-1"]
[WhiteElo "1380"]
[BlackElo "1467"]
[PlyCount "154"]
[EventDate "2022.07.08"]
[EventType "swiss"]
[EventRounds "7"]
[EventCountry "CAN"]

1. c4 g6 2. e3 Nf6 3. d4 d6 4. Nc3 Bg7 5. Nf3 O-O 6. Be2 Nbd7 7. O-O e5 8. d5
Ne8 9. e4 a5 10. Nd2 Nc5 11. Na4 f5 12. Nxc5 dxc5 13. Bd3 f4 14. f3 h5 15. Re1
h4 16. Bf1 h3 17. Qe2 Kf7 18. b3 Rh8 19. Qf2 Bf6 20. g3 Ng7 21. Bd3 Nh5 22. Nf1
b6 23. Re2 c6 24. Rc2 cxd5 25. cxd5 Bb7 26. Bc4 Ba6 27. Bxa6 Rxa6 28. Qe2 Ra8
29. Qc4 Qd6 30. Bd2 fxg3 31. hxg3 g5 32. g4 Nf4 33. Bxf4 exf4 34. Re1 Bd4+ 35.
Kh2 Rab8 36. a4 Kg7 37. Rce2 Qh6 38. Qb5 Rbf8 39. Rc1 Be3 40. Rcc2 Qd6 41. Qc4
Rh6 42. Qd3 Bd4 43. Nd2 Rh7 44. Nf1 Rh4 45. Qd1 Rxg4 46. fxg4 f3+ 47. Ng3 fxe2
48. Rxe2 Rf3 49. Qe1 Rxg3 50. e5 Rg2+ 51. Rxg2 Bxe5+ 52. Rg3 Bxg3+ 53. Qxg3
Qxg3+ 54. Kxg3 Kf6 55. d6 Ke6 56. Kxh3 Kxd6 57. Kg3 Ke5 58. Kf3 Kd4 59. Kf2 Kc3
60. Ke3 Kxb3 61. Ke4 c4 62. Kf5 c3 63. Kxg5 c2 64. Kf6 c1=Q 65. g5 Qxg5+ 66.
Kxg5 Kxa4 67. Kf5 Kb3 68. Ke5 a4 69. Kd6 a3 70. Kc6 a2 71. Kxb6 a1=Q 72. Kc6
Qe5 73. Kb7 Qe6 74. Kc7 Kc4 75. Kb7 Qd6 76. Ka7 Qb4 77. Ka8 Kc5 0-1

[Event "CYCC U12 w"]
[Site "Hamilton CAN"]
[Date "2022.07.10"]
[Round "5.3"]
[White "Fiset, Anais Chloe"]
[Black "Xie, Irene"]
[Result "0-1"]
[WhiteElo "1558"]
[BlackElo "1455"]
[PlyCount "74"]
[EventDate "2022.07.08"]
[EventType "swiss"]
[EventRounds "7"]
[EventCountry "CAN"]

1. e4 d6 2. d4 g6 3. g3 Bg7 4. Bg2 Nf6 5. Ne2 O-O 6. O-O e5 7. h3 b6 8. Nbc3
Bb7 9. Re1 Nc6 10. Be3 exd4 11. Nxd4 Nxd4 12. Bxd4 Nd7 13. Bxg7 Kxg7 14. h4 Rb8
15. Ne2 h6 16. Nf4 Re8 17. Qd2 Nf8 18. Bh3 Bc8 19. Bxc8 Rxc8 20. Nd5 c6 21.
Qd4+ f6 22. Nf4 Ne6 23. Nxe6+ Rxe6 24. Rad1 Qc7 25. Re3 Rce8 26. Rde1 Qd7 27.
f3 Qc7 28. Ra3 d5 29. Kg2 dxe4 30. Rxe4 Rxe4 31. fxe4 c5 32. Qa4 Re7 33. Rd3
Qb7 34. Rd5 f5 35. Qc4 Rxe4 36. Qb3 c4 37. Qb5 Rd4 0-1

[Event "CYCC U12 w"]
[Site "Hamilton CAN"]
[Date "2022.07.10"]
[Round "5.4"]
[White "Xiong, Victoria"]
[Black "Deepak, Laksshana"]
[Result "0-1"]
[WhiteElo "486"]
[BlackElo "1203"]
[PlyCount "60"]
[EventDate "2022.07.08"]
[EventType "swiss"]
[EventRounds "7"]
[EventCountry "CAN"]

1. d4 d5 2. c4 e6 3. Nc3 Bb4 4. Bd2 Nf6 5. Nf3 O-O 6. Bg5 Nbd7 7. a3 Bxc3+ 8.
bxc3 c5 9. cxd5 exd5 10. e3 Qa5 11. Qd2 Ne4 12. Qc2 cxd4 13. exd4 Nxc3 14. Bd2
Re8+ 15. Be2 Nxe2 16. Kd1 Qb6 17. Be3 Nxd4 18. Bxd4 Qc6 19. Qb1 Nf6 20. h3 Qa4+
21. Kd2 Ne4+ 22. Kd3 Qc4+ 23. Ke3 Nc3+ 24. Ne5 Nxb1 25. Raxb1 f6 26. f4 fxe5
27. fxe5 Bf5 28. Rbf1 Qd3+ 29. Kf4 Qxd4+ 30. Kxf5 Rxe5# 0-1

[Event "CYCC U12 w"]
[Site "Hamilton CAN"]
[Date "2022.07.10"]
[Round "5.7"]
[White "Roque, Alexa"]
[Black "Shaeri, Dorsa"]
[Result "0-1"]
[WhiteElo "852"]
[BlackElo "796"]
[PlyCount "136"]
[EventDate "2022.07.08"]
[EventType "swiss"]
[EventRounds "7"]
[EventCountry "CAN"]

1. d4 d5 2. c4 e6 3. Nc3 Nf6 4. Nf3 Nc6 5. Bg5 h6 6. Bh4 Be7 7. Qc2 a6 8. e3
dxc4 9. Bxc4 Bd7 10. O-O-O Nb4 11. Qb3 b5 12. Be2 Qc8 13. Ne5 c5 14. dxc5 Qxc5
15. Bxf6 Bxf6 16. Nxd7 Qe7 17. Nxf6+ gxf6 18. a3 Nc6 19. Bf3 Rc8 20. Bxc6+ Rxc6
21. Kb1 Rg8 22. Nxb5 Rb6 23. Nd6+ Rxd6 24. Qa4+ Qd7 25. Qxd7+ Kxd7 26. Rxd6+
Kxd6 27. g3 Ke5 28. Kc2 Ke4 29. h4 Kf3 30. Rh2 Rd8 31. b4 f5 32. a4 Rd5 33. Kb3
Rd2 34. b5 axb5 35. axb5 Rd6 36. Ka4 Rd1 37. b6 Ra1+ 38. Kb5 Rb1+ 39. Kc6 Rc1+
40. Kb7 Rb1 41. Kb8 Rxb6+ 42. Kc7 Rb2 43. Kd7 Rxf2 44. Rxf2+ Kxf2 45. Ke7 Kxe3
46. Kxf7 e5 47. Kg6 f4 48. gxf4 exf4 49. Kxh6 f3 50. h5 f2 51. Kg7 f1=Q 52. h6
Qa1+ 53. Kg8 Qa8+ 54. Kg7 Qb7+ 55. Kg8 Qd5+ 56. Kg7 Qe5+ 57. Kg8 Qg5+ 58. Kh7
Qf6 59. Kg8 Qxh6 60. Kf7 Ke4 61. Ke7 Qg6 62. Kd7 Qf6 63. Kc7 Qe6 64. Kb7 Qd6
65. Ka7 Qb4 66. Ka8 Kd5 67. Ka7 Kc6 68. Ka8 Qb7# 0-1

[Event "CYCC U12 w"]
[Site "Hamilton CAN"]
[Date "2022.07.10"]
[Round "6.1"]
[White "Guan, Isabelle"]
[Black "Liu, Kailey"]
[Result "1-0"]
[WhiteElo "974"]
[BlackElo "1366"]
[PlyCount "64"]
[EventDate "2022.07.08"]
[EventType "swiss"]
[EventRounds "7"]
[EventCountry "CAN"]

1. e4 c5 2. Nf3 d6 3. Bb5+ Bd7 4. Bxd7+ Qxd7 5. c3 e6 6. Qe2 Nc6 7. O-O Nf6 8.
Rd1 b6 9. d4 cxd4 10. cxd4 d5 11. exd5 Nxd5 12. Nc3 Bb4 13. Ne4 O-O 14. Ne5 Qc7
15. Qh5 g6 16. Qh6 f6 17. Nf3 Qg7 18. Qh3 Qe7 19. Bh6 Rf7 20. Rac1 Rc8 21. a3
Bd6 22. b4 a6 23. Nc3 Nf4 24. Bxf4 Bxf4 25. Nd5 Qd6 26. Nxf4 Qxf4 27. Qxe6 Qc7
28. d5 Qd7 29. Rxc6 Rxc6 30. Qxc6 Qxc6 31. dxc6 Rc7 32. Rc1 Kf7 {Unreadable}
1-0

[Event "CYCC U12 w"]
[Site "Hamilton CAN"]
[Date "2022.07.10"]
[Round "6.2"]
[White "Chen, Rae"]
[Black "Deepak, Laksshana"]
[Result "1-0"]
[WhiteElo "1467"]
[BlackElo "1203"]
[PlyCount "53"]
[EventDate "2022.07.08"]
[EventType "swiss"]
[EventRounds "7"]
[EventCountry "CAN"]

1. e4 e5 2. Nc3 Nf6 3. f4 d6 4. Nf3 exf4 5. d4 d5 6. Bd3 dxe4 7. Nxe4 Qe7 8.
O-O Nxe4 9. Bxe4 Qf6 10. Ne5 g5 11. Bd5 Be6 12. Bxb7 Bd5 13. Bxd5 c6 14. Bxf7+
Kd8 15. Bd2 Nd7 16. Ba5+ Kc8 17. Qg4 Qd6 18. Nxd7 Qxd7 19. Be6 Bg7 20. Bxd7+
Kb7 21. Bxc6+ Kxc6 22. Qe6+ Kb7 23. Qd7+ Ka6 24. Qc6+ Kxa5 25. b4+ Kxb4 26.
Rab1+ Ka5 27. Qb5# 1-0

[Event "CYCC U12 w"]
[Site "Hamilton CAN"]
[Date "2022.07.10"]
[Round "6.3"]
[White "Chan, Allison"]
[Black "Ambilwade, Ojal"]
[Result "0-1"]
[WhiteElo "888"]
[BlackElo "1380"]
[PlyCount "96"]
[EventDate "2022.07.08"]
[EventType "swiss"]
[EventRounds "7"]
[EventCountry "CAN"]

1. e4 c5 2. Bc4 d6 3. Nf3 Nf6 4. d3 e6 5. Bg5 Be7 6. c3 a6 7. a4 O-O 8. O-O
Nbd7 9. Nbd2 Rb8 10. d4 cxd4 11. cxd4 h6 12. Bh4 b6 13. Re1 Bb7 14. Qc2 Rc8 15.
Qd3 a5 16. Rac1 e5 17. h3 exd4 18. Qxd4 Nc5 19. Bd3 Nfd7 20. Bg3 Bf6 21. e5
dxe5 22. Nxe5 Nxe5 23. Bxe5 Qxd4 24. Bxd4 Bxd4 25. Bf5 Rcd8 26. b3 Bxf2+ 27.
Kxf2 Rxd2+ 28. Re2 Rxe2+ 29. Kxe2 Nxb3 30. Rc4 Ba6 31. Bd3 Bxc4 32. Bxc4 Nc5
33. g4 Nxa4 34. h4 Re8+ 35. Kf3 Nc3 36. g5 hxg5 37. hxg5 Re5 38. Kf4 Re4+ 39.
Kf3 Rxc4 40. Ke3 a4 41. Kd3 b5 42. Kc2 Ne4+ 43. Kb2 b4 44. Ka2 b3+ 45. Ka3 Rc2
46. Kxa4 b2 47. Kb3 b1=Q+ 48. Ka3 Ra2# 0-1

[Event "CYCC U12 w"]
[Site "Hamilton CAN"]
[Date "2022.07.10"]
[Round "6.4"]
[White "Xie, Irene"]
[Black "Guan, Marie"]
[Result "1-0"]
[WhiteElo "1455"]
[BlackElo "984"]
[PlyCount "65"]
[EventDate "2022.07.08"]
[EventType "swiss"]
[EventRounds "7"]
[EventCountry "CAN"]

1. e4 e6 2. d4 d5 3. exd5 exd5 4. Bd3 Bd6 5. Nf3 Ne7 6. O-O Bg4 7. Be3 Nbc6 8.
c3 Qd7 9. Nbd2 f6 10. h3 Bh5 11. Qc2 Bg6 12. Rfe1 O-O-O 13. b4 f5 14. Nb3 Bh5
15. Be2 f4 16. Bd2 h6 17. Nc5 Bxc5 18. bxc5 g5 19. Ne5 Nxe5 20. Bxh5 Nf3+ 21.
gxf3 Kb8 22. Kh2 Qf5 23. Qxf5 Nxf5 24. Rab1 Nh4 25. Re2 c6 26. Re7 g4 27.
Rbxb7+ Ka8 28. Rxa7+ Kb8 29. Reb7+ Kc8 30. Bxg4+ Rd7 31. Rxd7 Nxf3+ 32. Kh1 Kb8
33. Rdb7# 1-0

[Event "CYCC U12 w"]
[Site "Hamilton CAN"]
[Date "2022.07.10"]
[Round "6.5"]
[White "Maslov, Ayla"]
[Black "Fiset, Anais Chloe"]
[Result "0-1"]
[WhiteElo "800"]
[BlackElo "1558"]
[PlyCount "84"]
[EventDate "2022.07.08"]
[EventType "swiss"]
[EventRounds "7"]
[EventCountry "CAN"]

1. e4 d5 2. exd5 Qxd5 3. Nc3 Qa5 4. Nf3 Nf6 5. d4 Bf5 6. Bd3 Bxd3 7. Qxd3 c6 8.
O-O e6 9. Bd2 Qc7 10. Rfe1 Bd6 11. d5 cxd5 12. Nxd5 Nxd5 13. Qxd5 O-O 14. Qd3
Rd8 15. Qe4 h6 16. c3 Bxh2+ 17. Nxh2 Rxd2 18. Rab1 Nc6 19. Qe3 Rad8 20. Ng4
R8d3 21. Qe4 Rd6 22. Ne5 Qb6 23. Qf4 Nxe5 24. Rxe5 Rxb2 25. Rxb2 Rd1+ 26. Kh2
Qxb2 27. Ra5 a6 28. Rc5 Rd8 29. Rc7 Rf8 30. Qf3 b5 31. Qg3 Qxa2 32. Qd3 Qa5 33.
Rd7 Qb6 34. f3 a5 35. c4 b4 36. Qb3 Qc5 37. Rb7 Qe5+ 38. Kg1 Qd4+ 39. Kh2 Rc8
40. Qa4 Rxc4 41. Qxa5 Qh4+ 42. Kg1 Rc1# 0-1

[Event "CYCC U12 w"]
[Site "Hamilton CAN"]
[Date "2022.07.11"]
[Round "7.1"]
[White "Liu, Kailey"]
[Black "Xie, Irene"]
[Result "1/2-1/2"]
[WhiteElo "1366"]
[BlackElo "1455"]
[PlyCount "84"]
[EventDate "2022.07.08"]
[EventType "swiss"]
[EventRounds "7"]
[EventCountry "CAN"]

1. e4 d6 2. d4 g6 3. Nf3 Bg7 4. Bc4 Nf6 5. Qe2 Nc6 6. O-O e5 7. dxe5 dxe5 8.
Rd1 Bd7 9. Nc3 O-O 10. Bg5 h6 11. Be3 Qe7 12. h3 Na5 13. Nd5 Nxd5 14. Rxd5 Nxc4
15. Qxc4 Be6 16. Qc5 Qxc5 17. Rxc5 c6 18. Rc3 Rfd8 19. Kf1 a6 20. Ke2 Rd7 21.
Bb6 Re8 22. Rd1 Ree7 23. b3 Rxd1 24. Kxd1 Rd7+ 25. Rd3 f6 26. Rxd7 Bxd7 27. Kd2
Kf7 28. Kc3 Bf8 29. Nd2 Be6 30. Nc4 Bxc4 31. Kxc4 Ke6 32. Bc5 Bd6 33. Bxd6 Kxd6
34. Kb4 b6 35. Kc4 c5 36. a4 Kc6 37. b4 b5+ 38. axb5+ axb5+ 39. Kc3 c4 40. g4
g5 41. Kd2 Kd6 42. Ke3 Ke6 1/2-1/2

[Event "CYCC U12 w"]
[Site "Hamilton CAN"]
[Date "2022.07.11"]
[Round "7.2"]
[White "Xiong, Victoria"]
[Black "Chen, Rae"]
[Result "0-1"]
[WhiteElo "486"]
[BlackElo "1467"]
[PlyCount "92"]
[EventDate "2022.07.08"]
[EventType "swiss"]
[EventRounds "7"]
[EventCountry "CAN"]

1. d4 d6 2. c4 Nf6 3. Nf3 c6 4. Nc3 Nbd7 5. Bf4 Qc7 6. e3 e5 7. Bg3 Be7 8. Be2
Nh5 9. Bh4 Bxh4 10. Nxh4 Nhf6 11. Nf3 a6 12. b4 d5 13. c5 a5 14. a3 e4 15. Nh4
Nf8 16. h3 g5 17. Nf3 exf3 18. Bxf3 Bf5 19. O-O Ne6 20. Qc1 O-O 21. Re1 Bg6 22.
Qd2 Ne4 23. Nxe4 Bxe4 24. Bxe4 dxe4 25. d5 Rfd8 26. d6 Qd7 27. Rf1 b6 28. Rac1
axb4 29. axb4 bxc5 30. bxc5 Qa7 31. Qb4 Qa4 32. Qc3 Ra5 33. Qe5 Qb4 34. Rfd1
Rxc5 35. Rxc5 Qxc5 36. d7 Qxe5 37. g3 Nc5 38. f4 exf3 39. Kf2 Rxd7 40. Rxd7
Nxd7 41. Kxf3 Nc5 42. g4 Qe4+ 43. Ke2 Qg2+ 44. Kd1 Qf2 45. Kc1 Qe2 46. Kb1 Nd3
0-1

[Event "CYCC U12 w"]
[Site "Hamilton CAN"]
[Date "2022.07.11"]
[Round "7.3"]
[White "Ambilwade, Ojal"]
[Black "Guan, Isabelle"]
[Result "1-0"]
[WhiteElo "1380"]
[BlackElo "974"]
[PlyCount "79"]
[EventDate "2022.07.08"]
[EventType "swiss"]
[EventRounds "7"]
[EventCountry "CAN"]

1. c4 Nf6 2. e3 g6 3. Nc3 Bg7 4. d4 b6 5. Bd3 Bb7 6. Nf3 d6 7. O-O e6 8. b3
Nbd7 9. Bb2 Qe7 10. Re1 O-O 11. e4 e5 12. d5 c6 13. a3 cxd5 14. exd5 Nc5 15.
Bc2 e4 16. b4 Ncd7 17. Nxe4 Nxe4 18. Bxg7 Kxg7 19. Bxe4 Qd8 20. Qd4+ Kg8 21.
Bc2 Rc8 22. Ba4 Ba6 23. Bc6 Nb8 24. b5 Nxc6 25. dxc6 Re8 26. Qd5 Qf6 27. bxa6
Qc3 28. Qxd6 Rcd8 29. Rxe8+ Rxe8 30. Rd1 Qxc4 31. Qd7 Rf8 32. Re1 g5 33. Re8
Kg7 34. g3 Rxe8 35. Qxe8 g4 36. Qe5+ f6 37. Qe7+ Kg6 38. Nh4+ Kh5 39. Qxh7+ Kg5
40. Qg6# 1-0

[Event "CYCC U12 w"]
[Site "Hamilton CAN"]
[Date "2022.07.11"]
[Round "7.4"]
[White "Fiset, Anais Chloe"]
[Black "Chan, Allison"]
[Result "1-0"]
[WhiteElo "1558"]
[BlackElo "888"]
[PlyCount "69"]
[EventDate "2022.07.08"]
[EventType "swiss"]
[EventRounds "7"]
[EventCountry "CAN"]

1. e4 e5 2. Nf3 Nc6 3. Bc4 Bc5 4. c3 Nf6 5. d4 exd4 6. e5 Ng4 7. Bxf7+ Kxf7 8.
Ng5+ Ke8 9. Qxg4 Nxe5 10. Qe4 Qe7 11. O-O dxc3 12. Nxc3 c6 13. Qc2 h6 14. Bf4
hxg5 15. Bxe5 Rf8 16. Rae1 Qf7 17. Bf6+ Be7 18. Rxe7+ Qxe7 19. Qg6+ Kd8 20.
Bxe7+ Kxe7 21. Qxg7+ Rf7 22. Re1+ Kd8 23. Qxf7 Kc7 24. Qe7 b5 25. Rd1 a5 26.
Qe5+ Kb7 27. Ne4 Kb6 28. Qc5+ Kc7 29. Nd6 Kd8 30. Qxg5+ Kc7 31. Nxc8 Rxc8 32.
Qe5+ Kb6 33. Rxd7 a4 34. Qd4+ Ka6 35. Ra7# 1-0

[Event "CYCC U12 w"]
[Site "Hamilton CAN"]
[Date "2022.07.11"]
[Round "7.5"]
[White "Deepak, Laksshana"]
[Black "Roque, Alexa"]
[Result "1-0"]
[WhiteElo "1203"]
[BlackElo "852"]
[PlyCount "87"]
[EventDate "2022.07.08"]
[EventType "swiss"]
[EventRounds "7"]
[EventCountry "CAN"]

1. e4 c6 2. d4 d5 3. e5 Bf5 4. c4 e6 5. c5 Ne7 6. Nc3 Nd7 7. Nf3 Qa5 8. Bd2 Qb4
9. Nxd5 Qxb2 10. Nc7+ Kd8 11. Nxa8 Bc2 12. Qc1 Qxc1+ 13. Rxc1 Be4 14. Ba5+ Kc8
15. Bc7 Nd5 16. Bd6 Nb4 17. a4 Bd3 18. Rc3 Be4 19. Kd2 g6 20. Ne1 Bh6+ 21. Kd1
f6 22. f3 Bd5 23. Bc4 f5 24. Nc2 Bxc4 25. Rxc4 Nd5 26. Ke2 Nf4+ 27. Kf1 Nd3 28.
Ne1 Nf4 29. g3 Nd5 30. Ng2 Be3 31. Ke2 Bg5 32. f4 Bd8 33. Ne3 Ba5 34. Nxd5 cxd5
35. Rc2 Nb8 36. Rb1 Nc6 37. Ke3 Kd7 38. Rxb7+ Ke8 39. Rcb2 Rg8 40. Nc7+ Bxc7
41. Rxc7 Nd8 42. Rb8 a5 43. Re7+ Kf8 44. Rxd8# 1-0

[Event "CYCC U12 w"]
[Site "Hamilton CAN"]
[Date "2022.07.11"]
[Round "7.6"]
[White "Guan, Marie"]
[Black "Shaeri, Dorsa"]
[Result "1-0"]
[WhiteElo "984"]
[BlackElo "796"]
[PlyCount "105"]
[EventDate "2022.07.08"]
[EventType "swiss"]
[EventRounds "7"]
[EventCountry "CAN"]

1. e4 e5 2. Nf3 Nc6 3. d4 exd4 4. Nxd4 Nxd4 5. Qxd4 Nf6 6. Nc3 Be7 7. Bc4 d6 8.
Be3 Be6 9. O-O-O Bxc4 10. Qxc4 Nd7 11. f4 Nb6 12. Qe2 Qc8 13. e5 Qe6 14. Nb5
Qd7 15. f5 a6 16. Bxb6 axb5 17. Bxc7 d5 18. Bd6 Bg5+ 19. Kb1 Qxf5 20. Qxb5+ Qd7
21. Qxd5 Be7 22. Qb3 O-O 23. e6 Qxe6 24. Qxe6 fxe6 25. Bxe7 Rf7 26. Rd8+ Rxd8
27. Bxd8 Rf2 28. g3 e5 29. a4 Re2 30. a5 e4 31. b4 e3 32. Bg5 g6 33. Be7 Rf2
34. Bc5 Rf3 35. Re1 e2 36. Rxe2 Rf1+ 37. Kb2 Rd1 38. Re5 Kf7 39. b5 Kf6 40. Re3
Rd5 41. Rc3 Re5 42. a6 Re8 43. a7 Ra8 44. Re3 Kf5 45. Re7 b6 46. Bxb6 Rc8 47.
Rb7 Ra8 48. Rb8 Rxb8 49. axb8=Q Kg5 50. Qf4+ Kh5 51. Bd8 g5 52. g4+ Kg6 53.
Qf5+ 1-0

[Event "CYCC U14 "]
[Site "Hamilton CAN"]
[Date "2022.07.08"]
[Round "1.1"]
[White "Guliyev, Nadir"]
[Black "Han, Johnathan"]
[Result "1-0"]
[WhiteElo "1279"]
[BlackElo "2232"]
[PlyCount "89"]
[EventDate "2022.07.08"]
[EventType "swiss"]
[EventRounds "7"]
[EventCountry "CAN"]

1. d4 Nf6 2. c4 e6 3. Nf3 b6 4. g3 Bb7 5. Bg2 Be7 6. O-O O-O 7. Nc3 Ne4 8. Nd2
Nxc3 9. bxc3 Bxg2 10. Kxg2 d6 11. e4 c5 12. Kg1 Nd7 13. Bb2 Qc7 14. Qe2 Rac8
15. Rac1 Qc6 16. f4 Rce8 17. Ra1 Qa4 18. Qd1 Qc6 19. a4 a5 20. Qf3 e5 21. d5
Qc8 22. f5 Bg5 23. Nb1 g6 24. Na3 Bh6 25. Nb5 Qb8 26. Bc1 Bg7 27. g4 Re7 28.
Kh1 f6 29. Rg1 Kf7 30. Qh3 Rh8 31. Bh6 Nf8 32. Raf1 Bxh6 33. Qxh6 g5 34. h4 Rg8
35. Qh5+ Kg7 36. hxg5 Nd7 37. Qh6+ Kf7 38. gxf6 Nxf6 39. g5 Nxe4 40. g6+ hxg6
41. fxg6+ Ke8 42. g7 Kd7 43. Rf8 Re8 44. Rxg8 Rxg8 45. Qe6+ 1-0

[Event "CYCC U14 "]
[Site "Hamilton CAN"]
[Date "2022.07.08"]
[Round "1.2"]
[White "Lin, Leo"]
[Black "Berube, Maximilien"]
[Result "1-0"]
[WhiteElo "2189"]
[BlackElo "1271"]
[PlyCount "41"]
[EventDate "2022.07.08"]
[EventType "swiss"]
[EventRounds "7"]
[EventCountry "CAN"]

1. e4 c6 2. Nf3 d5 3. exd5 cxd5 4. d4 Nf6 5. Ne5 Nc6 6. Bb5 Qb6 7. c4 Bd7 8.
Nxd7 Nxd7 9. Nc3 Qxd4 10. cxd5 Qxd1+ 11. Kxd1 Nd4 12. Be3 Nf5 13. Bf4 a6 14.
Bd3 g6 15. Re1 Bg7 16. Bxf5 gxf5 17. Bd6 e5 18. dxe6 fxe6 19. Rxe6+ Kd8 20. Nd5
Bf8 21. Bc7+ 1-0

[Event "CYCC U14 "]
[Site "Hamilton CAN"]
[Date "2022.07.08"]
[Round "1.3"]
[White "Khaimovich, Lev"]
[Black "Yang, Jingyun (Ryan)"]
[Result "0-1"]
[WhiteElo "1259"]
[BlackElo "2141"]
[PlyCount "74"]
[EventDate "2022.07.08"]
[EventType "swiss"]
[EventRounds "7"]
[EventCountry "CAN"]

1. e4 e5 2. Nf3 Nc6 3. Bc4 Nf6 4. d3 Bc5 5. c3 O-O 6. Bg5 h6 7. Bh4 d6 8. h3
Be6 9. Bb3 g5 10. Bg3 d5 11. Nbd2 dxe4 12. Nxe4 Nxe4 13. dxe4 Bxb3 14. axb3 Qe8
15. O-O Qe6 16. Qd5 Bd6 17. Qxe6 fxe6 18. Nd2 Rad8 19. Nc4 b5 20. Nxd6 Rxd6 21.
f3 Rfd8 22. Rf2 a5 23. Re1 Kf7 24. h4 Kf6 25. hxg5+ hxg5 26. Ree2 R8d7 27. Rc2
Rd3 28. Rfe2 b4 29. Be1 Rd1 30. Kf2 Rb1 31. cxb4 Nd4 32. Rcd2 axb4 33. Rd3 c5
34. Rc2 Ra7 35. Rxc5 Rxb2+ 36. Kf1 Rh7 37. Kg1 Ne2+ 0-1

[Event "CYCC U14 "]
[Site "Hamilton CAN"]
[Date "2022.07.08"]
[Round "1.4"]
[White "Kot, Emanuel"]
[Black "Harihara, Vikrant"]
[Result "1-0"]
[WhiteElo "1994"]
[BlackElo "1242"]
[PlyCount "53"]
[EventDate "2022.07.08"]
[EventType "swiss"]
[EventRounds "7"]
[EventCountry "CAN"]

1. e4 Nf6 2. e5 Nd5 3. d4 d6 4. c4 Nb6 5. exd6 cxd6 6. Nc3 Nc6 7. d5 Ne5 8. Bg5
Ned7 9. Nf3 g6 10. Rc1 Bg7 11. Bd3 O-O 12. b3 Nc5 13. Bb1 h6 14. Be3 Bg4 15. h3
Bxf3 16. Qxf3 Nbd7 17. O-O Nf6 18. Rfe1 a6 19. Qe2 Re8 20. Qd2 h5 21. f4 e6 22.
dxe6 Rxe6 23. f5 Nfe4 24. Nxe4 Nxe4 25. Bxe4 Rxe4 26. fxg6 fxg6 27. Qd5+ 1-0

[Event "CYCC U14 "]
[Site "Hamilton CAN"]
[Date "2022.07.08"]
[Round "1.5"]
[White "Georges, Maxim"]
[Black "Su, Ethan"]
[Result "0-1"]
[WhiteElo "1226"]
[BlackElo "1987"]
[PlyCount "84"]
[EventDate "2022.07.08"]
[EventType "swiss"]
[EventRounds "7"]
[EventCountry "CAN"]

1. e4 c5 2. Bc4 e6 3. Nc3 a6 4. a4 Qc7 5. Nf3 Nc6 6. d4 cxd4 7. Nxd4 Nf6 8.
Nxc6 bxc6 9. Qe2 d5 10. exd5 cxd5 11. Bxd5 Nxd5 12. Nxd5 Qa5+ 13. Nc3 Bb7 14.
O-O Bb4 15. Bd2 Rd8 16. Rfd1 O-O 17. Qc4 Rc8 18. Qd3 Rfd8 19. Qe3 Qf5 20. Be1
Rxd1 21. Rxd1 Qxc2 22. Rd2 Qg6 23. Qg3 Qf6 24. Rd1 Qe7 25. Qf4 a5 26. Bd2 h6
27. Qg4 Kh7 28. h3 f5 29. Qf4 Rf8 30. Re1 Rf6 31. Nb5 Bxd2 32. Qxd2 Rg6 33. g3
Qc5 34. Qd6 Qc4 35. Qd4 Qc6 36. Kf1 Qg2+ 37. Ke2 Rxg3 38. Qa7 Qe4+ 39. Kd1 Rd3+
40. Kc2 Re3+ 41. Kd2 Qd3+ 42. Kc1 Rxe1# 0-1

[Event "CYCC U14 "]
[Site "Hamilton CAN"]
[Date "2022.07.08"]
[Round "1.6"]
[White "Shi, Michael"]
[Black "Holmgren, Emilian"]
[Result "1-0"]
[WhiteElo "1970"]
[BlackElo "1226"]
[PlyCount "111"]
[EventDate "2022.07.08"]
[EventType "swiss"]
[EventRounds "7"]
[EventCountry "CAN"]

1. e4 e5 2. Nf3 Nc6 3. Bc4 Nf6 4. d3 Be7 5. O-O d6 6. h3 a6 7. c3 Na5 8. Bb3
Nxb3 9. axb3 h6 10. Nbd2 O-O 11. Re1 Nh7 12. d4 Bf6 13. Nf1 Ng5 14. Nxg5 Bxg5
15. Ng3 Be6 16. b4 Qf6 17. Bxg5 Qxg5 18. Qf3 c6 19. Nf5 d5 20. h4 dxe4 21. hxg5
exf3 22. Rxe5 Bxf5 23. Rxf5 fxg2 24. gxh6 g6 25. Re5 Kh7 26. Re7 Rab8 27. Rae1
Kxh6 28. Rd7 Kg7 29. Ree7 b6 30. Rc7 Rbc8 31. Rxf7+ Rxf7 32. Rxc8 Rf6 33. Ra8
b5 34. Rxa6 Rd6 35. Kxg2 g5 36. Kg3 Kg6 37. d5 Rxd5 38. Rxc6+ Kf5 39. Rc5 Ke6
40. Rxd5 Kxd5 41. Kg4 Kc4 42. Kxg5 Kb3 43. f4 Kxb2 44. f5 Kxc3 45. f6 Kxb4 46.
f7 Kb3 47. f8=Q b4 48. Qc5 Ka4 49. Qc2+ Ka3 50. Qb1 b3 51. Kf4 b2 52. Ke3 Kb3
53. Kd4 Ka3 54. Kc4 Ka4 55. Qxb2 Ka5 56. Qb5# 1-0